Normal view
MARC view
- عالم عربي - سكان - خرائط
Entry Topical Term
001 - CONTROL NUMBER
- control field: 47251
003 - CONTROL NUMBER IDENTIFIER
- control field: JO-AjAnu
005 - DATE AND TIME OF LATEST TRANSACTION
- control field: 20230606081813.0
008 - FIXED-LENGTH DATA ELEMENTS
- fixed length control field: 230606|| aca||aabn | a|a d
040 ## - CATALOGING SOURCE
- Original cataloging agency: JO-AjAnu
- Transcribing agency: JO-AjAnu
150 ## - HEADING--TOPICAL TERM
- Topical term or geographic name entry element: عالم عربي - سكان - خرائط
670 ## - SOURCE DATA FOUND
- Source citation: Work cat.: (JO-AjAnu)24181: الخفاف، عبد علي ،م.مشارك: محمد احمد عقلة المومني ؛ رسم : رفيق ابراهيم, author 47250, الاطلس الديموغرافي للوطن العربي: مؤشرات حتى عام 2010